| 000 | 00662nam a2200217 a 4500 | ||
|---|---|---|---|
| 005 | 20240420064122.0 | ||
| 008 | 991125c1996 mx 000 0 spa u | ||
| 020 | _a9684267010 | ||
| 035 | _aUPN01000023460 | ||
| 049 | _aCG | ||
| 050 | 4 |
_aBF432 C4.8 _bS2.38 1996 |
|
| 100 | 1 |
_aSattler, Jerome M. _929967 |
|
| 245 | 1 | 0 |
_aEvaluación infantil / _cJerome M. Sattler ; tr. por Gloria Padilla Sierra. |
| 250 | _a3a ed. | ||
| 260 |
_aMéxico : _bEl Manual Moderno, _c1996. |
||
| 300 |
_axxxv, 1379 p. : _bcuadrs. |
||
| 650 | 4 |
_aPruebas de aptitud _91418 |
|
| 650 | 4 |
_aNIÑOS - _xPRUEBAS DE INTELIGENCIA |
|
| 650 | 4 |
_aINTELIGENCIA - _xPRUEBAS _96228 |
|
| 905 | _aLibro | ||
| 999 |
_c23460 _d23460 |
||